|
|
|
|
| LEADER |
00000naa2a2200000 4500 |
| 001 |
389848 |
| 005 |
20231101063919.0 |
| 035 |
|
|
|a (RuTPU)RU\TPU\prd\22422
|
| 090 |
|
|
|a 389848
|
| 100 |
|
|
|a 20040209a2003 k y0rusy50 ca
|
| 101 |
0 |
|
|a rus
|
| 102 |
|
|
|a RU
|
| 200 |
1 |
|
|a Регуляторы хода
|f В. Днищенко
|
| 225 |
1 |
|
|a Основы схемотехники
|
| 320 |
|
|
|a Библиогр.: 2 назв.
|
| 461 |
|
1 |
|0 (RuTPU)RU\TPU\prd\2494
|t Схемотехника
|o научно-технический журнал
|d 2002-2007
|
| 463 |
|
1 |
|0 (RuTPU)RU\TPU\prd\19085
|t № 8
|v С. 21-23
|d 2003
|
| 610 |
1 |
|
|a регуляторы хода
|
| 610 |
1 |
|
|a аппаратура управления
|
| 610 |
1 |
|
|a пропорциональное управление
|
| 610 |
1 |
|
|a линейная зависимость
|
| 610 |
1 |
|
|a регулирующее воздействие
|
| 610 |
1 |
|
|a мультивибратовр
|
| 610 |
1 |
|
|a аналоговые удлинители
|
| 610 |
1 |
|
|a импульсы
|
| 700 |
|
1 |
|a Днищенко
|b В.
|
| 801 |
|
1 |
|a RU
|b 63413507
|c 20040209
|g PSBO
|
| 801 |
|
2 |
|a RU
|b 63413507
|c 20131218
|g RCR
|
| 942 |
|
|
|c BK
|